Information Systems: Theory and Practice (Record no. 1285117)

MARC details
000 -LEADER
fixed length control field 00584nam a2200193Ia 4500
005 - DATE AND TIME OF LATEST TRANSACTION
control field 20250326140305.0
008 - FIXED-LENGTH DATA ELEMENTS--GENERAL INFORMATION
fixed length control field 250326s9999 xx 000 0 und d
037 ## - SOURCE OF ACQUISITION
Stock number Textbook
040 ## - CATALOGING SOURCE
Original cataloging agency FMSL
Language of cataloging eng
Transcribing agency FMSL
041 ## - LANGUAGE CODE
Language code of text/sound track or separate title eng
Source of code eng
084 ## - COLON CLASSIFICATION NUMBER
Classification number X:8ogD658(2:55) M3
Assigning agency FMSL
100 ## - MAIN ENTRY--PERSONAL NAME
Personal name Burch J G
9 (RLIN) 741978
245 #0 - TITLE STATEMENT
Title Information Systems: Theory and Practice
Statement of responsibility, etc. Burch J G; Grudnitski G And Others
250 ## - EDITION STATEMENT
Edition statement Ed 3
260 ## - PUBLICATION, DISTRIBUTION, ETC.
Place of publication, distribution, etc. New York
Name of publisher, distributor, etc. New York, John Wiley & Sons
Date of publication, distribution, etc. 1983
300 ## - PHYSICAL DESCRIPTION
Extent 632p
942 ## - ADDED ENTRY ELEMENTS (KOHA)
Koha item type Textbook
Classification part X:8ogD658(2:55) M3
Holdings
Withdrawn status Lost status Damaged status Not for loan Home library Current library Date acquired Total Checkouts Full call number Barcode Date last seen Price effective from Koha item type
        Faculty of Management Library Faculty of Management Library 2025-03-26   X:8ogD658(2:55) M3 ML0830164 2025-03-26 2025-03-26 Textbook
Copyright @ Delhi University Library System